| 000 -LEADER |
| fixed length control field |
00326nam a22001217a 4500 |
| 008 - FIXED-LENGTH DATA ELEMENTS--GENERAL INFORMATION |
| fixed length control field |
250225b ||||| |||| 00| 0 eng d |
| 020 ## - INTERNATIONAL STANDARD BOOK NUMBER |
| International Standard Book Number |
9781910684788 |
| 082 ## - DEWEY DECIMAL CLASSIFICATION NUMBER |
| Classification number |
551 CHA |
| 100 ## - MAIN ENTRY--PERSONAL NAME |
| Personal name |
CHAMBERS,CATHERINE |
| 245 ## - TITLE STATEMENT |
| Title |
STICKMEN'S GUIDE TO THE EARTH UNCOVERED |
| 260 ## - PUBLICATION, DISTRIBUTION, ETC. |
| Place of publication, distribution, etc. |
GREAT BRITAIN |
| Name of publisher, distributor, etc. |
HUNGRY TOMATO LTD |
| Date of publication, distribution, etc. |
2019 |
| 942 ## - ADDED ENTRY ELEMENTS (KOHA) |
| Source of classification or shelving scheme |
|